| 000 | 00445nam a2200181Ia 4500 | ||
|---|---|---|---|
| 001 | 22916 | ||
| 003 | GE_BSU | ||
| 008 | 181216s||||||||xx |||||||||||||| ||und|| | ||
| 040 | _cGE_BSU | ||
| 245 | _aLe Point, 2 Aout. # 2396. 2018 | ||
| 245 | _bNumber 9105 Volume 428 | ||
| 260 | _aParis | ||
| 260 | _c2018 | ||
| 300 | _a106p. 30cm. ill. | ||
| 653 | _aLe Point, 2 Aout. # 2396. 2018 | ||
| 653 | _aპერიოდიკა | ||
| 942 | _cCR | ||
| 999 |
_c55819 _d55819 |
||